000 00487nam a2200193Ia 4500
005 20250701104410.0
008 008 250516s9999 xx 000 0 eng d
020 _a9781350297043
040 _beng
_cSDCL
041 _aeng
_2eng
084 _aR:(S) R3
100 _aBurik, Steven Ed.
_9723599
245 0 _a0
260 _aNew Delhi:
_bBloomsbury,
_c2023.
300 _avi, 272p.
650 _aPhilosophy
700 _aSmid, RobertWeber, Ralph
_9809860
942 _cTEXL
_2CC
999 _c1430040
_d1430040